=LDR 00000nam 2200000 4500 =001 INLIS000000000012281 =005 20130612103819 =008 ***********************************Ind** =035 ##$$0010-061300000012281 =041 ##$$a Ind =082 ##$$a 524 =090 ##$$a 524, Pro p =100 ##$$a Brotowijoyo, Mukaya D =245 ##$$a Parasit dan parasitisme, Mukaya D. Brotowijoyo =260 ##$$a 1987 $b Jakarta =300 ##$$a xv,330 hlm, Ilus, 21 cm =650 ##$$a Parasit =850 ##$$a NBPNMAT